¿Y si yo fuera una persona refugiada--? : (Record no. 181738)

MARC details
000 -CABECERA
campo de control de longitud fija 00784nam a2200229 u 4500
005 - FECHA Y HORA DE LA ÚLTIMA TRANSACCIÓN
campo de control 20260217062529.0
008 - ELEMENTOS DE LONGITUD FIJA--INFORMACIÓN GENERAL
campo de control de longitud fija 160419s2013 r 000 0 eng d
020 ## - NÚMERO INTERNACIONAL NORMALIZADO PARA LIBROS
Número Internacional Estándar del Libro 9786077625681
020 ## - NÚMERO INTERNACIONAL NORMALIZADO PARA LIBROS
Número Internacional Estándar del Libro 9786077514756
035 ## - NÚMERO DE CONTROL DEL SISTEMA
Número de control de sistema UPN01000209637
049 ## - COLECCIÓN
Colección CG
050 #4 - SIGNATURA TOPOGRÁFICA DE LA BIBLIOTECA DEL CONGRESO
Número de clasificación PQ6254
Número de documento/Ítem Y7.4
245 01 - MENCIÓN DE TÍTULO
Título ¿Y si yo fuera una persona refugiada--? :
Resto del título comenzar de nuevo en otro país : cuentos de jóvenes sobre personas refugiadas /
Mención de responsabilidad, etc. ed. Alberto Nava Cortez.
260 ## - PUBLICACIÓN, DISTRIBUCIÓN, ETC.
Lugar de publicación, distribución, etc. México :
Nombre del editor, distribuidor, etc. Comisión de Derechos Humanos del Distrito Federal :
-- CONAPRED,
Fecha de publicación, distribución, etc. c2013.
300 ## - DESCRIPCIÓN FÍSICA
Extensión 65 p. :
Otras características físicas il.
440 #0 - MENCIÓN DE SERIE/ASIENTO SECUNDARIO--TÍTULO
Título Testimonios
650 #4 - ASIENTO SECUNDARIO DE MATERIA - TERMINO TEMATICO
Término de materia o nombre geográfico como elemento de entrada REFUGIADOS -
Subdivisión de forma LITERATURA JUVENIL
9 (RLIN) 25301
650 #4 - ASIENTO SECUNDARIO DE MATERIA - TERMINO TEMATICO
Término de materia o nombre geográfico como elemento de entrada Discriminación
9 (RLIN) 21028
700 1# - ASIENTO SECUNDARIO--NOMBRE DE PERSONAL
Nombre de persona Nava Cortez, Alberto,
Término indicativo de función/relación ed.
905 ## - TIPO DE MATERIAL
Tipo de material Libro
Holdings
Estado de retiro Estado de pérdida Fuente del sistema de clasificación o colocación Estado dañado No para préstamo Código de colección Localización permanente Ubicación/localización actual Ubicación en estantería Total de préstamos Clasificación Código de barras Fecha visto por última vez Número de copia Tipo de ítem Koha
    Library of Congress Classification     Colección General Bib. Gregorio Torres Quintero Bib. Gregorio Torres Quintero Planta baja   PQ6254 Y7.4 310023 31/12/2020 1 Libro